Online katalóg knižníc regiónu Turca

Najkrajšie rozprávky bratov Grimmovcov (Record no. 21774)

MARC details
000 -LEADER
fixed length control field 01725nam a2200445 a 4500
001 - CONTROL NUMBER
control field 21774
003 - CONTROL NUMBER IDENTIFIER
control field VRT
005 - DATE AND TIME OF LATEST TRANSACTION
control field 20260309143158.0
008 - FIXED-LENGTH DATA ELEMENTS--GENERAL INFORMATION
fixed length control field 240314s2003 xo a b 000 f slo
015 ## - NATIONAL BIBLIOGRAPHY NUMBER
National bibliography number SNBA2005/05-01654
020 ## - INTERNATIONAL STANDARD BOOK NUMBER
International Standard Book Number 8088980453
Qualifying information (viaz.)
035 ## - SYSTEM CONTROL NUMBER
System control number 03586E33-6D63-4793-B185-1FB53C40A96A
035 ## - SYSTEM CONTROL NUMBER
System control number urn:nbn:sk:snk-amlsd2
035 ## - SYSTEM CONTROL NUMBER
System control number urn:nbn:sk:snk-am00cbp2
039 #9 - LEVEL OF BIBLIOGRAPHIC CONTROL AND CODING DETAIL [OBSOLETE]
Level of rules in bibliographic description 202407010924
Level of effort used to assign nonsubject heading access points AUTHORITY
Level of effort used to assign subject headings 202407010920
Level of effort used to assign classification AUTHORITY
Level of effort used to assign subject headings 202403141407
Level of effort used to assign classification VLOAD
Level of effort used to assign subject headings 201712011356
Level of effort used to assign classification VLOAD
040 ## - CATALOGING SOURCE
Original cataloging agency SNK
Language of cataloging slo
Transcribing agency SNK
041 1# - LANGUAGE CODE
Language code of text/sound track or separate title slo
Language code of original ger
-- DT (UNESCO)
044 ## - COUNTRY OF PUBLISHING/PRODUCING ENTITY CODE
MARC country code xo
ISO country code SK
072 #7 - SUBJECT CATEGORY CODE
Subject category code 821.112.2-3
Subject category code subdivision Nemecká próza, nemecky písaná
Source konspekt
072 #7 - SUBJECT CATEGORY CODE
Subject category code 821-93
Subject category code subdivision Literatúra pre deti a mládež
Source konspekt
080 ## - UNIVERSAL DECIMAL CLASSIFICATION NUMBER
Universal Decimal Classification number 821-93
Edition identifier MDT-MRF
080 ## - UNIVERSAL DECIMAL CLASSIFICATION NUMBER
Universal Decimal Classification number 821.112.2-34
Edition identifier MDT-MRF
080 ## - UNIVERSAL DECIMAL CLASSIFICATION NUMBER
Universal Decimal Classification number 821
Edition identifier UNESCO
100 1# - MAIN ENTRY--PERSONAL NAME
Personal name Grimm, Jacob,
Dates associated with a name 1785-1863
Relationship aut
240 14 - UNIFORM TITLE
Uniform title Die schönsten Grimms Märchen
Language of a work Slovensky
245 10 - TITLE STATEMENT
Title Najkrajšie rozprávky bratov Grimmovcov
Statement of responsibility, etc. [ilustrácie: Gisela Gottschlichová; nové spracovanie textov rozprávok: Gisela Fischerová; preklad Jana Rakšányiová]
250 ## - EDITION STATEMENT
Edition statement 1. slov. vyd.
260 ## - PUBLICATION, DISTRIBUTION, ETC.
Place of publication, distribution, etc. Bratislava
Name of publisher, distributor, etc. Fortuna Print
Date of publication, distribution, etc. c 2003
300 ## - PHYSICAL DESCRIPTION
Extent 116 s.
Other physical details fareb. ilustr.
Dimensions 28 cm
500 ## - GENERAL NOTE
General note Fareb. ilustr. na tit. strane, front. a predsádkach
655 #7 - INDEX TERM--GENRE/FORM
Genre/form data or focus term nemecké rozprávky
Source of term SNKPH
655 #7 - INDEX TERM--GENRE/FORM
Genre/form data or focus term publikácie pre deti
Source of term SNKPH
700 1# - ADDED ENTRY--PERSONAL NAME
Personal name Grimm, Wilhelm,
Dates associated with a name 1786-1859
Relationship aut
700 1# - ADDED ENTRY--PERSONAL NAME
Personal name Fischer, Gisela
Relationship aut
700 1# - ADDED ENTRY--PERSONAL NAME
Personal name Gottschlich, Gisela
Relationship ill
700 1# - ADDED ENTRY--PERSONAL NAME
Personal name Rakšányiová, Jana,
Dates associated with a name 1949-
Relationship trl
942 ## - ADDED ENTRY ELEMENTS (KOHA)
Source of classification or shelving scheme Dewey Decimal Classification
Koha item type Krásna literatúra pre deti
Suppress in OPAC No
949 ## - LOCAL PROCESSING INFORMATION (OCLC)
6 17A0503519
a snkSB 69953 D1
b snk2006/6338
o 726/06
949 ## - LOCAL PROCESSING INFORMATION (OCLC)
6 17A0458118
a snkSB 69953
b snk2005/2382
o 373/05
s 6100:20160606
Holdings
Stav vyradenia Strata Poškodenie Spôsob nadobudnutia Domovská knižnica Aktuálna knižnica Dátum nadobudnutia Total checkouts Čiarový kód exemplára Date last seen Typ exemplára
      Dar Obecná knižnica Turčianska Štiavnička Obecná knižnica Turčianska Štiavnička 09.03.2026   4738000383 09.03.2026 Krásna literatúra pre deti
Projekt je podporený Slovenskou asociáciou knižníc
Prevádzkuje Turčianska knižnica Martin 2026